| 000 | 01027nam a2200229Ia 4500 | ||
|---|---|---|---|
| 001 | 1697 | ||
| 005 | 20260408111143.0 | ||
| 008 | 260306t2009||||xx |||||||||||||| ||spa|| | ||
| 041 | _aESP | ||
| 082 |
_a155 _bP25A 2009 |
||
| 100 |
_aPapalia, Diane E. _eAUT |
||
| 245 | 0 |
_aPsicología del desarrollo: _bde la infancia a la adolescencia |
|
| 260 | _c2009 | ||
| 300 |
_axxxv, _c27 cm. |
||
| 650 | _aGEN | ||
| 654 | _aCPS | ||
| 856 |
_uhttps://itmsp.museknowledge.com/UCSP?url=https://www.ebooks7-24.com:443/?il=9247&pg=1 _zVersión digital (2019) |
||
| 856 |
_uhttps://0u213vlzh-y-https-ebooks7--24-com.itmsp.museknowledge.com/biblioteca.aspx _zVéase además: Base de datos Ebook7-24 |
||
| 856 |
_uhttps://0u20fvlzj-y-https-research-ebsco-com.itmsp.museknowledge.com/c/qxo6us/search _zVéase además: Base de datos EBSCOhost |
||
| 856 |
_uhttps://0u20vvlzl-y-https-ebookcentral-proquest-com.itmsp.museknowledge.com/lib/catolicasp/home.action _zVéase además: Base de datos ProQuest Ebook Central |
||
| 942 |
_cLIB _dJUS _fJUS _2ddc |
||
| 999 |
_c1697 _d1697 |
||